00710cam a22001691 450000100100000000500170001000800410002704000250006824500610009326000460015430000250020049000650022550001430029065000470043365000260048070000340050600001635120200929164402.0780228s1960 mx 000 0 spa  aDO-SdBNPbspacBNPHU00aNovelistas y narradores /cestudio de Rodrigo Pachano L. aPuebla, México, :bJ. M. Cajica,c1960. axv, 827 p. ;c22 cm.0 aBiblioteca ecuatoriana mínima. La colonia y la república aA cabeza de tít.: Publicación auspiciada por la Secretaría General de la Undécima Conferencia Interamericana, Quito, Ecuador, 196024aLiteratura ecuatorianaxBio-bibliografía24aNarrativa ecuatoriana1 aPachano Lalama, Rodrigo,eed.